Direito, Memr̤ia e Verdade Trajetr̤ias democrt̀icas /

Detalles Bibliográficos
Autor principal: Leal, Rogřico Gesta
Formato: eBook
Lenguaje:portugués
Publicado: San Pablo: Letras Jurídicas Editora, 2015
Materias:
Acceso en línea:Acceso restringido

MARC

LEADER 00000nam a22000007a 4500
005 2020072003493.0
007 cr|||| ||||
008 200720s2015 br |||||s|||| 00||0 por d
020 |a 978-85-8248-062-5 
035 |a 31818 
040 |a vLex 
090 |c 10651  |d 10651 
100 1 |a Leal, Rogřico Gesta 
245 1 0 |a Direito, Memr̤ia e Verdade  |h [Recurso electrn̤ico] :  |b Trajetr̤ias democrt̀icas /  |c Rogřico Gesta Leal 
256 |a Servicio en ln̕ea 
260 |a San Pablo:  |b Letras Jurídicas Editora,  |c 2015 
300 |a 1 recurso electrn̤ico 
500 |a Apresentaȯ̂ da Obra Esta obra, organizada pelo Prof. Dr. Rogřio Gesta Leal, aborda de forma plural diferentes aspectos dos dilemas da reconstruȯ̂ da democracia brasileira aps̤ o fim do Regime Militar. Renomados pesquisadores na r̀ea, oriundos de diferentes Universidades, nacionais e internacionais, enfrentam as queste̳s que envolvem a reconstruȯ̂ de uma convivn̊cia polt̕ica democrt̀ica e de estruturas legais que possam, ao mesmo tempo, harmonizar o presente, assegurar uma justiȧ em relaȯ̂ ao passado e possibilitar a esperanȧ de que no futuro os horrores da violn̊cia nô se repitam mais. Vale registrar que essas pesquisas foram realizadas em 2013, antes, portanto, da criaȯ̂ da Comissô Nacional da Verdade no Brasil 
506 1 |a Disponible solo en los productos indicados  |d vLex Global  |d vLex Global (Academic Edition, excluding Law Schools)  |d vLex Global (U.S. Academic Edition, Law Schools)  |d vLex Global (U.S. Academic Edition, excluding Law Schools)  |d vLex Global (Academic Edition, Law Schools) 
650 0 4 |a Derecho Constitucional  |z Brasil 
740 0 |a vLex Libros (Servicio en ln̕ea) 
856 4 0 |u http://vlex.com/source/direito-memoria-e-verdade-trajetorias-democraticas-31818  |z Acceso restringido 
942 |c BOOK 
999 0 |a Constitutional right